| 000 | 00609nam a22002057a 4500 | ||
|---|---|---|---|
| 003 | OSt | ||
| 005 | 20140310182932.0 | ||
| 008 | 130131t xxu||||| |||| 00| 0 eng d | ||
| 020 | _a9715062245 | ||
| 050 |
_aPE 1475 _b.V715 2003 |
||
| 082 |
_aFIL 808.06 .V71 2003 _b.V715 2003 |
||
| 245 |
_aInteractive technical writing _cVillamarzo, Perla C., Relis, Josephine G., Cruz, Estrella E. |
||
| 260 |
_aManila _bUST Publishing House _c2003 |
||
| 300 |
_axiv, 186 p. _c23 cm. _bill. |
||
| 521 | _acollege students | ||
| 526 | _c1210L-1700L | ||
| 541 | _j1 | ||
| 562 | _e2 | ||
| 942 |
_2lcc _cBK _kFIL |
||
| 999 |
_c17552 _d17552 |
||